| 000 | 01528cam a2200361 a 4500 | ||
|---|---|---|---|
| 003 | OSt | ||
| 005 | 20210219145826.0 | ||
| 008 | 070816s2006 ck r 001 0 spa d | ||
| 020 | _a9583505870 | ||
| 040 |
_aCO-BoPUJ _cCO-JMCR |
||
| 041 | 0 | _aspa | |
| 082 | 0 | 4 |
_a342 / _bN218t _223 |
| 100 | 1 |
_aNaranjo Mesa, Vladimiro _eautor _913705 |
|
| 245 | 1 | 0 |
_aTeoría constitucional e instituciones políticas / _cVladimiro Naranjo Mesa ; prólogo, Luis Carlos Sáchica Aponte |
| 250 | _aDécima edición | ||
| 260 |
_aBogotá : _bEditorial Temis, _c2006 |
||
| 300 |
_axxx, 746 páginas ; _c24 cm. |
||
| 504 | _aIncluye referencias bibliográficas (p. [719]-725) e índices. | ||
| 505 | 0 | _aEl derecho constitucional en la ciencia del derecho. -- Teoría del Estado. -- Teoría de la constitución. -- Los regímenes políticos contemporáneos. | |
| 650 | 1 | 4 |
_aDerecho constitucional _913706 |
| 650 | 2 | 4 |
_aInstituciones políticas _913707 |
| 650 | 2 | 4 |
_aFormas de gobierno _92315 |
| 650 | 2 | 4 |
_aEstado _913708 |
| 650 | 2 | 4 |
_aSistemas electorales _913709 |
| 650 | 2 | 4 |
_aPartidos políticos _913710 |
| 650 | 2 | 4 |
_aSistemas políticos _913711 |
| 700 | 1 |
_aSáchica Aponte, Luis Carlos _eprologuista _913712 |
|
| 942 |
_2ddc _cBK |
||
| 999 |
_c7257 _d7257 |
||